[Event "Öppen"]
[Site "?"]
[Date "2012.05.19"]
[Round "4.1"]
[White "Olsson, Simon"]
[Black "Qwarfort, Fredrik"]
[Result "1/2-1/2"]
[LiveChessVersion "1.3.1"]
[BlackElo "1757"]
[WhiteElo "2129"]

1. d4 {[%clk 1:30:57]} Nf6 {[%clk 1:30:42]} 2. Bg5 {[%clk 1:31:25]} c5
{[%clk 1:30:15]} 3. Bxf6 {[%clk 1:31:39]} gxf6 {[%clk 1:30:34]} 4. d5
{[%clk 1:32:04]} Qb6 {[%clk 1:30:48]} 5. Qc1 {[%clk 1:31:34]} f5 {[%clk 1:30:58]}
6. c4 {[%clk 1:30:26]} Bg7 {[%clk 1:30:14]} 7. Nc3 {[%clk 1:30:44]} d6
{[%clk 1:30:00]} 8. e3 {[%clk 1:28:57]} Nd7 {[%clk 1:30:16]} 9. Nf3
{[%clk 1:24:17]} Nf6 {[%clk 1:30:02]} 10. Nd2 {[%clk 1:23:50]} Ne4
{[%clk 1:25:41]} 11. Ndxe4 {[%clk 1:16:19]} fxe4 {[%clk 1:25:55]} 12. Qc2
{[%clk 1:16:34]} Bf5 {[%clk 1:23:04]} 13. g4 {[%clk 1:01:06]} Bg6
{[%clk 1:16:15]} 14. h4 {[%clk 0:58:38]} h5 {[%clk 1:15:02]} 15. Be2
{[%clk 0:56:21]} hxg4 {[%clk 1:09:04]} 16. Bxg4 {[%clk 0:55:03]} f5
{[%clk 1:07:03]} 17. Be2 {[%clk 0:55:09]} O-O-O {[%clk 0:58:24]} 18. O-O-O
{[%clk 0:50:44]} Bh5 {[%clk 0:56:48]} 19. Bxh5 {[%clk 0:45:55]} Rxh5
{[%clk 0:57:15]} 20. Ne2 {[%clk 0:46:10]} Be5 {[%clk 0:52:17]} 21. Ng3
{[%clk 0:35:12]} Bxg3 {[%clk 0:52:42]} 22. fxg3 {[%clk 0:35:36]} Rdh8
{[%clk 0:52:51]} 23. Rdf1 {[%clk 0:33:30]} Qd8 {[%clk 0:51:23]} 24. Rf4
{[%clk 0:28:50]} Qg8 {[%clk 0:45:36]} 25. Qf2 {[%clk 0:29:03]} Qg6
{[%clk 0:40:45]} 26. Rf1 {[%clk 0:13:40]} Kd8 {[%clk 0:40:54]} 27. Qe1
{[%clk 0:11:25]} 1/2-1/2

[Event "Öppen"]
[Site "?"]
[Date "2012.05.19"]
[Round "4.2"]
[White "Norqvist, Axel Tiger"]
[Black "Rosberg, Simon"]
[Result "0-1"]
[LiveChessVersion "1.3.1"]
[BlackElo "2266"]
[WhiteElo "2022"]

1. e4 {[%clk 1:30:56]} c5 {[%clk 1:29:39]} 2. d4 {[%clk 1:30:17]} cxd4
{[%clk 1:30:08]} 3. c3 {[%clk 1:30:40]} dxc3 {[%clk 1:28:28]} 4. Nxc3
{[%clk 1:31:03]} e6 {[%clk 1:25:44]} 5. Nf3 {[%clk 1:31:23]} d6 {[%clk 1:25:41]}
6. Bc4 {[%clk 1:31:15]} a6 {[%clk 1:24:29]} 7. O-O {[%clk 1:28:46]} Nc6
{[%clk 1:22:05]} 8. Qe2 {[%clk 1:27:35]} Nf6 {[%clk 1:21:51]} 9. Rd1
{[%clk 1:26:46]} Qc7 {[%clk 1:21:18]} 10. Bg5 {[%clk 1:21:14]} Be7
{[%clk 1:20:18]} 11. Rac1 {[%clk 1:19:14]} O-O {[%clk 1:19:05]} 12. Bb3
{[%clk 1:15:28]} Bd7 {[%clk 1:17:17]} 13. Bf4 {[%clk 1:09:29]} Nh5
{[%clk 0:51:16]} 14. Be3 {[%clk 1:06:38]} Rad8 {[%clk 0:45:16]} 15. Na4
{[%clk 0:44:29]} Qb8 {[%clk 0:45:15]} 16. Nb6 {[%clk 0:44:07]} Be8
{[%clk 0:42:42]} 17. Nd4 {[%clk 0:38:09]} Nf6 {[%clk 0:42:27]} 18. Qf3
{[%clk 0:35:23]} Ne5 {[%clk 0:40:08]} 19. Qe2 {[%clk 0:31:51]} Nxe4
{[%clk 0:30:59]} 20. Bxe6 {[%clk 0:30:01]} fxe6 {[%clk 0:31:28]} 21. Nxe6
{[%clk 0:30:22]} Bc6 {[%clk 0:27:45]} 22. f4 {[%clk 0:26:30]} Ng6
{[%clk 0:26:44]} 23. Nxf8 {[%clk 0:26:41]} Rxf8 {[%clk 0:25:38]} 24. Qg4
{[%clk 0:21:55]} Kh8 {[%clk 0:23:00]} 25. Rc4 {[%clk 0:16:46]} d5
{[%clk 0:22:17]} 26. Rc2 {[%clk 0:15:09]} Qd8 {[%clk 0:15:51]} 27. g3
{[%clk 0:11:57]} Bf6 {[%clk 0:15:28]} 28. Nc4 {[%clk 0:09:42]} Qe8
{[%clk 0:05:45]} 29. Na5 {[%clk 0:07:44]} Ba4 {[%clk 0:03:38]} 30. b3
{[%clk 0:07:35]} Bd7 {[%clk 0:04:07]} 31. Qf3 {[%clk 0:05:11]} Bc3
{[%clk 0:04:13]} 32. Rxd5 {[%clk 0:03:48]} Bxa5 {[%clk 0:03:16]} 33. Rxa5
{[%clk 0:03:00]} Bc6 {[%clk 0:03:45]} 34. Qe2 {[%clk 0:02:22]} Qd8
{[%clk 0:03:56]} 35. Rh5 {[%clk 0:02:18]} Bb5 {[%clk 0:03:20]} 36. Qe1
{[%clk 0:01:25]} Re8 {[%clk 0:03:02]} 37. f5 {[%clk 0:01:18]} Ne5
{[%clk 0:02:58]} 38. Kg2 {[%clk 0:00:34]} Qd5 {[%clk 0:02:10]} 0-1

[Event "Öppen"]
[Site "?"]
[Date "2012.05.19"]
[Round "4.3"]
[White "Pettersson, Börje"]
[Black "Flyckt, Jakob"]
[Result "0-1"]
[LiveChessVersion "1.3.1"]
[BlackElo "1954"]
[WhiteElo "1922"]

1. e4 c5 2. b3 d6 3. Bb2 Nf6 4. Bb5+ Bd7 5. Qe2 Nc6 6. f4 e6 7. Nf3 Be7 8. O-O
O-O 9. d3 a6 10. Bxc6 Bxc6 11. Nbd2 b5 12. c4 Qc7 13. e5 Nd7 14. exd6 Bxd6 15.
Ne5 Bb7 16. Ndf3 f6 17. Nxd7 Qxd7 18. Nd2 Rad8 19. Ne4 Be7 20. Rad1 Qc6 21. Rfe1
Rfe8 22. Qg4 Rf8 23. Re3 Rf7 24. Nf2 f5 25. Qh3 Bf6 26. Be5 Bxe5 27. Rxe5 Rf6 28.
Rde1 Rg6 29. g3 Rd4 30. Kf1 Rh6 31. Qxh6 gxh6 32. Rxe6 Qg2+ 33. Ke2 Bf3+ 34. Ke3
Bh5 35. g4 fxg4 36. Kxd4 0-1

[Event "Öppen"]
[Site "?"]
[Date "2012.05.19"]
[Round "4.4"]
[White "Persson, Börje"]
[Black "Muganlinskij, Hussein"]
[Result "1/2-1/2"]
[LiveChessVersion "1.3.1"]
[BlackElo "1783"]
[WhiteElo "1820"]

1. e4 c6 2. d4 d5 3. Nc3 dxe4 4. Nxe4 Bf5 5. Ng3 Bg6 6. h4 h6 7. Nf3 Nd7 8. h5
Bh7 9. Bd3 Bxd3 10. Qxd3 e6 11. Bf4 Qa5+ 12. Bd2 Bb4 13. c3 Be7 14. c4 Qc7 15.
O-O-O Ngf6 16. Kb1 O-O 17. Ne4 Nxe4 18. Qxe4 Nf6 19. Qe2 b5 20. c5 a5 21. g4 Rfd8
22. g5 hxg5 23. Bxg5 Nd5 24. Bxe7 Qxe7 25. Ne5 Rac8 26. Rdg1 Qf6 27. Qg4 Qf5+ 28.
Qxf5 exf5 1/2-1/2

[Event "Öppen"]
[Site "?"]
[Date "2012.05.19"]
[Round "4.5"]
[White "Lindström, Jan"]
[Black "Wiklund, Johan"]
[Result "1-0"]
[LiveChessVersion "1.3.1"]
[BlackElo "1858"]
[WhiteElo "1496"]

1. e4 e6 2. Nc3 d5 3. Nf3 Nf6 4. e5 Nfd7 5. d4 c5 6. Bb5 Nc6 7. O-O Qb6 8. dxc5
Bxc5 9. Qe2 Qc7 10. Bf4 O-O 11. Bg3 Nd4 12. Nxd4 Bxd4 13. Rfe1 Bxc3 14. bxc3 Qxc3
15. Rad1 Qa5 16. Bf4 Qc7 17. Qg4 Nc5 18. Bd3 Nxd3 19. Rxd3 Qe7 20. Bg5 f6 21.
exf6 Rxf6 22. Rf3 Kh8 23. Qh4 Bd7 24. Rxf6 1-0